[Event "Cartak IM"]
[Site "Cartak"]
[Date "2003.11.13"]
[Round "3"]
[White "Cedikova, Katerina"]
[Black "Kanovsky, David"]
[Result "1-0"]
[WhiteElo "2201"]
[BlackElo "2298"]
[PlyCount "71"]
[EventDate "2003.11.11"]
[EventType "tourn"]
[EventRounds "9"]
[EventCountry "CZE"]
[EventCategory "3"]
[Source "ChessBase"]
[SourceDate "2004.11.11"]

1. d4 d5 2. c4 e6 3. Nc3 c5 4. cxd5 cxd4 5. Qxd4 Nc6 6. Qd1 exd5 7. Qxd5 Bd7 8.
Nf3 Nf6 9. Qd1 Bc5 10. e3 Qe7 11. Be2 O-O-O 12. O-O Kb8 13. a3 g5 14. b4 Bb6
15. Qc2 g4 16. Ne1 h5 17. Na4 Bc7 18. b5 Ne5 19. Rb1 Rdg8 20. b6 axb6 21. Nxb6
Bc6 22. Nd3 h4 23. Bb2 Nf3+ 24. Kh1 Qd6 25. Nf4 Nh5 26. Nc4 Qc5 27. Bxh8 Nxf4
28. exf4 Nxh2 29. Qh7 Re8 30. Be5 Bxe5 31. Nxe5 Nxf1 32. Bxf1 Rxe5 33. fxe5
Qxf2 34. Qg8+ Ka7 35. Qxg4 Qe3 36. Rd1 1-0

[Event "Schneider mem"]
[Site "Budapest"]
[Date "2003.12.01"]
[Round "1"]
[White "Jakab, Attila"]
[Black "Cernousek, Lukas"]
[Result "0-1"]
[WhiteElo "2420"]
[BlackElo "2302"]
[PlyCount "30"]
[EventDate "2003.12.01"]
[EventType "tourn"]
[EventRounds "11"]
[EventCountry "HUN"]
[EventCategory "4"]
[Source "ChessBase"]
[SourceDate "2004.11.11"]

1. d4 d5 2. c4 e6 3. Nc3 c5 4. cxd5 cxd4 5. Qa4+ Bd7 6. Qxd4 exd5 7. Qxd5 Nc6
8. Bg5 Nf6 9. Qd2 h6 10. Bh4 g5 11. Bg3 Qa5 12. e3 O-O-O 13. Bc4 Bh3 14. Qxd8+
Nxd8 15. gxh3 Ba3 0-1

[Event "Internet Section 06A g/8'+2""]
[Site "Dos Hermanas"]
[Date "2004.03.06"]
[Round "6"]
[White "Riazantsev, Alexander"]
[Black "Andreassen, Lars"]
[Result "1-0"]
[WhiteElo "2572"]
[BlackElo "2376"]
[PlyCount "83"]
[EventDate "2004.03.06"]
[EventType "swiss (blitz)"]
[EventRounds "9"]
[EventCountry "ESP"]
[Source "ChessBase"]
[SourceDate "2004.05.04"]

1. d4 d5 2. c4 e6 3. Nc3 c5 4. cxd5 cxd4 5. Qa4+ Bd7 6. Qxd4 exd5 7. Qxd5 Nc6
8. Nf3 Nf6 9. Qd1 Bc5 10. e3 Qe7 11. Be2 O-O-O 12. O-O g5 13. b4 Bxb4 14. Bb2
g4 15. Nd4 h5 16. Ncb5 Bc5 17. Qc2 Kb8 18. Nf5 Bxf5 19. Qxf5 Ne4 20. Bxh8 Rxh8
21. Rad1 Ka8 22. Rd7 Qe5 23. Rxf7 Rd8 24. Qxe5 Nxe5 25. Rf5 Nc6 26. Nc7+ Kb8
27. Ne6 Rd2 28. Rxh5 a5 29. Nxc5 Nxc5 30. Rxc5 Rxe2 31. h4 gxh3 32. gxh3 Rxa2
33. h4 Ra4 34. f4 Kc7 35. h5 Re4 36. Kf2 Kd6 37. Rg5 a4 38. h6 Re8 39. h7 Rh8
40. Rh1 Ne7 41. Rh6+ Kd7 42. Ra5 1-0

[Event "Internet Section 08A g/8'+2""]
[Site "Dos Hermanas"]
[Date "2004.03.08"]
[Round "2"]
[White "Williams, Simon Kim"]
[Black "Vasiliev, Olga"]
[Result "1-0"]
[WhiteElo "2380"]
[BlackElo "2189"]
[PlyCount "63"]
[EventDate "2004.03.08"]
[EventType "swiss (blitz)"]
[EventRounds "9"]
[EventCountry "ESP"]
[Source "ChessBase"]
[SourceDate "2004.05.04"]

1. c4 e6 2. Nc3 d5 3. d4 c5 4. cxd5 cxd4 5. Qa4+ Bd7 6. Qxd4 exd5 7. Qxd5 Nc6
8. Nf3 Nf6 9. Qd1 Qc7 10. e3 O-O-O 11. Be2 a6 12. O-O g5 13. a3 g4 14. Nd4 h5
15. b4 h4 16. f4 g3 17. h3 Bg7 18. Bb2 Nxd4 19. exd4 Bc6 20. b5 axb5 21. Nxb5
Qb6 22. a4 Kb8 23. a5 Qxb5 24. Bxb5 Bxb5 25. Re1 Nh5 26. Qd2 Bh6 27. a6 Nxf4
28. Qb4 Rd5 29. axb7 Kxb7 30. Re7+ Kb8 31. Ra8+ Kxa8 32. Qa5+ 1-0

[Event "Internet Section 09B g/8'+2""]
[Site "Dos Hermanas"]
[Date "2004.03.09"]
[Round "6"]
[White "Soppe, Guillermo"]
[Black "Liascovich, Lucas"]
[Result "1-0"]
[WhiteElo "2435"]
[BlackElo "2340"]
[PlyCount "71"]
[EventDate "2004.03.09"]
[EventType "swiss (blitz)"]
[EventRounds "9"]
[EventCountry "ESP"]
[Source "ChessBase"]
[SourceDate "2004.05.04"]

1. d4 d5 2. c4 e6 3. Nc3 c5 4. cxd5 cxd4 5. Qa4+ Bd7 6. Qxd4 exd5 7. Qxd5 Nf6
8. Qd1 Nc6 9. e3 Qb6 10. Nf3 O-O-O 11. Bd2 Bb4 12. Qc2 Kb8 13. Be2 Rhe8 14. O-O
Bg4 15. Rfd1 Bh5 16. Be1 Bg6 17. Qb3 Rxd1 18. Rxd1 Na5 19. Qa4 Rc8 20. Ne5 Nc6
21. Nd5 Nxd5 22. Nd7+ Ka8 23. Nxb6+ Nxb6 24. Qb5 Bxe1 25. Rxe1 f6 26. h3 Ne5
27. f4 Be8 28. Qb4 Nc6 29. Qe4 Bg6 30. Qf3 Nb4 31. a3 Nc2 32. Rc1 Re8 33. f5
Rxe3 34. fxg6 hxg6 35. Rxc2 Rxf3 36. Bxf3 1-0

[Event "URU-ch"]
[Site "Montevideo"]
[Date "2004.05.15"]
[Round "1"]
[White "Cao, Jorge"]
[Black "Carvalho, Guillermo"]
[Result "0-1"]
[WhiteElo "2248"]
[BlackElo "2172"]
[PlyCount "87"]
[EventDate "2004.05.15"]
[EventType "swiss"]
[EventRounds "11"]
[EventCountry "URU"]
[Source "ChessBase"]
[SourceDate "2004.07.06"]

1. d4 d5 2. c4 e6 3. Nc3 c5 4. cxd5 cxd4 5. Qxd4 Nc6 6. Qd1 exd5 7. e3 Nf6 8.
Nf3 a6 9. Be2 Bd6 10. O-O O-O 11. b3 Re8 12. Bb2 Bc7 13. Rc1 Qd6 14. g3 h5 15.
Nd4 h4 16. Nxc6 bxc6 17. Qd4 hxg3 18. hxg3 c5 19. Qh4 d4 20. exd4 cxd4 21. Rcd1
dxc3 22. Rxd6 Bxd6 23. Bxc3 Rxe2 24. Bxf6 gxf6 25. Qxf6 Re6 26. Qf3 Rb8 27. Rd1
Bb7 28. Qg4+ Rg6 29. Qxg6+ fxg6 30. Rxd6 Re8 31. f4 Kf7 32. Kf2 Bc8 33. Rb6 Re6
34. Rb8 Rc6 35. a4 Ke6 36. b4 Kd7 37. b5 Rc2+ 38. Kf3 Kc7 39. Rxc8+ Kxc8 40. g4
axb5 41. axb5 Rb2 42. f5 gxf5 43. gxf5 Kd7 44. Kf4 0-1

[Event "Harburg-ch 2nd A"]
[Site "Hamburg"]
[Date "2004.06.19"]
[Round "3"]
[White "Hawellek, Jeronimo"]
[Black "Bach, Matthias"]
[Result "1-0"]
[WhiteElo "2238"]
[BlackElo "2351"]
[PlyCount "49"]
[EventDate "2004.06.18"]
[EventType "tourn"]
[EventRounds "5"]
[EventCountry "GER"]
[EventCategory "2"]
[Source "ChessBase"]
[SourceDate "2004.12.30"]

1. d4 d5 2. c4 e6 3. Nc3 c5 4. cxd5 cxd4 5. Qa4+ Bd7 6. Qxd4 exd5 7. Qxd5 Nf6
8. Qd1 Nc6 9. Nf3 Bc5 10. e3 Qe7 11. Be2 g5 12. O-O g4 13. Nd4 Qe5 14. b4 Nxd4
15. bxc5 Nf3+ 16. Bxf3 gxf3 17. Qxf3 Rg8 18. e4 Rg4 19. Bb2 Nh5 20. Rab1 O-O-O
21. Nb5 Qe6 22. c6 bxc6 23. Nxa7+ Kc7 24. Qxg4 Qxg4 25. Be5# 1-0

[Event "Olomouc Skanska Cup"]
[Site "Olomouc"]
[Date "2004.07.05"]
[Round "2"]
[White "Babula, Vlastimil"]
[Black "Biolek, Richard"]
[Result "1-0"]
[WhiteElo "2569"]
[BlackElo "2451"]
[PlyCount "95"]
[EventDate "2004.07.04"]
[EventType "tourn"]
[EventRounds "11"]
[EventCountry "CZE"]
[EventCategory "9"]
[Source "ChessBase"]
[SourceDate "2004.11.11"]

1. d4 d5 2. c4 e6 3. Nc3 c5 4. cxd5 cxd4 5. Qa4+ Bd7 6. Qxd4 exd5 7. Qxd5 Nc6
8. Nf3 Nf6 9. Qb3 Bc5 10. Bg5 Be6 11. Qb5 Qe7 12. e3 a6 13. Qa4 h6 14. Bxf6
Qxf6 15. Bc4 Bd7 16. O-O-O Nd4 17. Qa5 b6 18. Ne4 bxa5 19. Nxf6+ gxf6 20. Nxd4
Ke7 21. Kb1 Rhc8 22. Bd3 Bxd4 23. exd4 Kd6 24. Rhe1 Re8 25. Re3 Kd5 26. b3 Bb5
27. Bc2 Rxe3 28. fxe3 a4 29. e4+ Kd6 30. bxa4 Bc6 31. Rf1 Rb8+ 32. Kc1 Ke7 33.
d5 Bd7 34. a3 Rc8 35. Kd2 Rc5 36. Bb3 h5 37. Kd3 Rc8 38. Kd4 Rb8 39. Bc4 Rb2
40. Kc5 Rc2 41. Rb1 Bxa4 42. Rb7+ Kd8 43. Kd4 Bd7 44. Bxa6 h4 45. d6 Bc6 46.
Rxf7 Rf2 47. Bc4 Rf4 48. Bd5 1-0

[Event "AUT-chT2M 0405"]
[Site "Austria"]
[Date "2004.11.28"]
[Round "4"]
[White "Steininger, Friedrich"]
[Black "Woeber, Friedrich"]
[Result "0-1"]
[WhiteElo "2170"]
[BlackElo "2214"]
[PlyCount "36"]
[EventDate "2004.10.09"]
[EventType "team"]
[EventRounds "11"]
[EventCountry "AUT"]
[Source "ChessBase"]
[SourceDate "2004.12.30"]

1. d4 d5 2. c4 e6 3. Nc3 c5 4. cxd5 cxd4 5. Qxd4 Nc6 6. Qd1 exd5 7. Nf3 d4 8.
Ne4 Nf6 9. Nxf6+ Qxf6 10. g3 Bf5 11. Bg2 Bb4+ 12. Nd2 O-O 13. O-O Rfe8 14. a3
Bc5 15. Nf3 h6 16. Bf4 Rad8 17. Re1 d3 18. Qc1 Bd4 0-1

[Event "Amsterdam ACT op"]
[Site "Amsterdam"]
[Date "2005.07.16"]
[Round "1"]
[White "Williams, Simon Kim"]
[Black "Markus, John Raymond"]
[Result "1/2-1/2"]
[WhiteElo "2461"]
[BlackElo "2227"]
[PlyCount "83"]
[EventDate "2005.07.16"]
[EventType "swiss"]
[EventRounds "9"]
[EventCountry "NED"]
[Source "ChessBase"]
[SourceDate "2005.09.02"]

1. d4 d5 2. c4 e6 3. Nc3 c5 4. cxd5 cxd4 5. Qa4+ Bd7 6. Qxd4 exd5 7. Qxd5 Nc6
8. Nf3 Nf6 9. Qd1 Bc5 10. e3 Qe7 11. Be2 O-O-O 12. O-O g5 13. b4 Nxb4 14. Nd4
Rhg8 15. Rb1 g4 16. Qb3 Bc6 17. Nxc6 Nxc6 18. Qa4 Ne5 19. Kh1 Rg6 20. Ba3 Bxa3
21. Qxa7 Nc6 22. Qa8+ Nb8 23. Ba6 Rd7 24. Nb5 Bc5 25. Rfc1 bxa6 26. Nd4 Rc7 27.
Nc6 Rxc6 28. Qxb8+ Kd7 29. Rb7+ Ke6 30. Rxe7+ Kxe7 31. Qb7+ Nd7 32. g3 h5 33.
Kg2 Rge6 34. Rc4 f5 35. Rf4 Rb6 36. Qd5 Re5 37. Qd3 Rd6 38. Qc2 Ke6 39. Qb3+
Rdd5 40. Ra4 Ke7 41. Rxa6 Rd2 42. Rh6 1/2-1/2

[Event "Politiken Cup"]
[Site "Copenhagen"]
[Date "2005.07.17"]
[Round "3"]
[White "Sakaev, Konstantin"]
[Black "Nordenbaek, Jan"]
[Result "1-0"]
[WhiteElo "2669"]
[BlackElo "2246"]
[PlyCount "41"]
[EventDate "2005.07.16"]
[EventType "swiss"]
[EventRounds "10"]
[EventCountry "DEN"]
[Source "ChessBase"]
[SourceDate "2005.09.02"]

1. d4 d5 2. c4 e6 3. Nc3 c5 4. cxd5 cxd4 5. Qa4+ Bd7 6. Qxd4 exd5 7. Qxd5 Nc6
8. Nf3 Nf6 9. Qb3 Bc5 10. Bg5 Ng4 11. e3 Qa5 12. Be2 O-O 13. O-O Nge5 14. Nxe5
Nxe5 15. Bf4 Ng6 16. Bg3 Bc6 17. Bb5 Bxb5 18. Qxb5 Qxb5 19. Nxb5 a6 20. Nd6 b5
21. Rac1 1-0

[Event "EU-chT 15th"]
[Site "Gothenburg"]
[Date "2005.08.01"]
[Round "3"]
[White "Sakalauskas, Vaidas"]
[Black "Docx, Stefan"]
[Result "1-0"]
[WhiteElo "2473"]
[BlackElo "2310"]
[PlyCount "87"]
[EventDate "2005.07.30"]
[EventType "team"]
[EventRounds "9"]
[EventCountry "SWE"]
[Source "ChessBase"]
[SourceDate "2005.09.06"]

1. d4 d5 2. c4 e6 3. Nc3 c5 4. cxd5 cxd4 5. Qa4+ Bd7 6. Qxd4 exd5 7. Qxd5 Nc6
8. Nf3 Nf6 9. Qd1 Bc5 10. e3 Qe7 11. Be2 O-O 12. a3 Rfd8 13. O-O a6 14. b4 Ba7
15. Qc2 Rac8 16. Bb2 Ne5 17. Rad1 Neg4 18. Bd3 Nxf2 19. Rxf2 Qxe3 20. Re1 Qf4
21. Kh1 Bxf2 22. Qxf2 Bc6 23. Ne2 Qh6 24. Bc1 Ng4 25. Qg3 Qd6 26. Bxh7+ Kxh7
27. Qxg4 Re8 28. Bb2 f6 29. Nfd4 Qd5 30. Rf1 Bd7 31. Qh4+ Kg8 32. h3 Bb5 33.
Qg4 Qg5 34. Qf3 Bxe2 35. Nxe2 Qd2 36. Qb3+ Kh7 37. Rf4 Qe1+ 38. Ng1 Qe6 39.
Qd3+ Kg8 40. Rh4 Rcd8 41. Qh7+ Kf7 42. Bd4 b6 43. Rg4 Rd7 44. Rg6 1-0

[Event "EU-chT 15th"]
[Site "Gothenburg"]
[Date "2005.08.02"]
[Round "4"]
[White "Weber, Jean Marie"]
[Black "Docx, Stefan"]
[Result "1/2-1/2"]
[WhiteElo "2262"]
[BlackElo "2310"]
[PlyCount "96"]
[EventDate "2005.07.30"]
[EventType "team"]
[EventRounds "9"]
[EventCountry "SWE"]
[Source "ChessBase"]
[SourceDate "2005.09.06"]

1. d4 d5 2. c4 e6 3. Nc3 c5 4. cxd5 cxd4 5. Qa4+ Bd7 6. Qxd4 exd5 7. Qxd5 Nc6
8. Nf3 Nf6 9. Qd1 Bc5 10. e3 Qe7 11. Bb5 O-O 12. O-O Rfd8 13. Qe2 Rac8 14. Rd1
Bg4 15. Rxd8+ Qxd8 16. h3 Bh5 17. Bxc6 Rxc6 18. e4 Bb4 19. Bg5 Bxc3 20. bxc3 h6
21. Rd1 Qe7 22. Bxf6 Qxf6 23. e5 Bxf3 24. Qxf3 Qxf3 25. Rd8+ Kh7 26. gxf3 Rxc3
27. Rd7 Kg6 28. Kg2 Ra3 29. Rxb7 Rxa2 30. f4 Ra3 31. h4 h5 32. f5+ Kxf5 33.
Rxf7+ Kxe5 34. Rxg7 Kf4 35. Rg5 a5 36. Rxh5 Kg4 37. Rh8 Ra2 38. h5 Kg5 39. Kg3
Ra3+ 40. f3 a4 41. h6 Kg6 42. Kg4 Ra1 43. Ra8 Kxh6 44. Ra6+ Kg7 45. Kf5 a3 46.
Ra7+ Kg8 47. Kg6 Kf8 48. Kf6 Ke8 1/2-1/2

[Event "Omis op"]
[Site "Omis"]
[Date "2005.10.11"]
[Round "2"]
[White "Kovacevic, Blazimir"]
[Black "Rezan, Sasa"]
[Result "1-0"]
[WhiteElo "2493"]
[BlackElo "2421"]
[PlyCount "83"]
[EventDate "2005.10.10"]
[EventType "swiss"]
[EventRounds "9"]
[EventCountry "CRO"]
[Source "ChessBase"]
[SourceDate "2005.11.04"]

1. d4 d5 2. c4 e6 3. Nc3 c5 4. cxd5 cxd4 5. Qxd4 Nc6 6. Qd1 exd5 7. Qxd5 Bd7 8.
Nf3 Nf6 9. Qd1 Bc5 10. e3 Qe7 11. Be2 O-O-O 12. O-O g5 13. a3 g4 14. Nh4 Rhg8
15. g3 Ne5 16. b4 Bb6 17. Bb2 Kb8 18. Nd5 Nxd5 19. Qxd5 Rg5 20. Qb3 Rh5 21.
Bxe5+ Qxe5 22. Rad1 Rxh4 23. Rd5 Qe7 24. gxh4 Qxh4 25. Rc1 Rc8 26. Rxc8+ Bxc8
27. Re5 Bc7 28. Qd5 Be6 29. Rh5 Qxh2+ 30. Rxh2 Bxh2+ 31. Kxh2 Bxd5 32. Kg3 Kc7
33. Kxg4 Be4 34. Kg5 Kd7 35. Kf6 Ke8 36. Bc4 Bg6 37. f4 Kf8 38. f5 Bh5 39. e4
Bf3 40. e5 Be4 41. Bxf7 Bxf5 42. e6 1-0

[Event "Chigorin mem 13th"]
[Site "St Petersburg"]
[Date "2005.10.20"]
[Round "6"]
[White "Serov, Alexey"]
[Black "Reshetov, Valery"]
[Result "1/2-1/2"]
[WhiteElo "2331"]
[BlackElo "2161"]
[PlyCount "125"]
[EventDate "2005.10.15"]
[EventType "swiss"]
[EventRounds "9"]
[EventCountry "RUS"]
[Source "ChessBase"]
[SourceDate "2005.11.04"]

1. d4 d5 2. c4 e6 3. Nc3 c5 4. cxd5 cxd4 5. Qa4+ Bd7 6. Qxd4 exd5 7. Qxd5 Nc6
8. Nf3 Nb4 9. Qe4+ Be7 10. a3 Nf6 11. Qb1 Nbd5 12. Nxd5 Nxd5 13. e4 Nc7 14. Bd3
Bb5 15. Bxb5+ Nxb5 16. O-O O-O 17. Be3 Qa5 18. b4 Qa4 19. Qd1 Qxd1 20. Rfxd1
Rfd8 21. Rd2 Rac8 22. Kf1 a6 23. e5 Kf8 24. g3 Ke8 25. Nd4 Rc3 26. Nxb5 axb5
27. Rxd8+ Bxd8 28. Ke2 Bc7 29. Bd4 Rb3 30. Kd2 Kd7 31. f4 Ke6 32. Bc3 Kd5 33.
Re1 Rxa3 34. Kc2 Ra2+ 35. Bb2 Ke6 36. g4 g6 37. Rf1 Ra6 38. f5+ Ke7 39. Bd4 Bb6
40. Bxb6 Rxb6 41. Kd3 Rc6 42. Rf4 Rc1 43. Rd4 h5 44. fxg6 fxg6 45. gxh5 gxh5
46. Ke4 Rh1 47. Rd2 Rb1 48. Kf5 Rxb4 49. Rd6 Rb1 50. Rb6 Rf1+ 51. Kg5 Re1 52.
Rxb7+ Ke6 53. Rb6+ Kxe5 54. Rxb5+ Ke6 55. Kxh5 Kf6 56. Rg5 Rf1 57. Kh6 Rf4 58.
Rh5 Rg4 59. Kh7 Rg7+ 60. Kh8 Rg5 61. Rh6+ Kf7 62. Rh4 Kg6 63. Rh3 1/2-1/2

[Event "Warsaw AIG Life rapid"]
[Site "Warsaw"]
[Date "2005.12.18"]
[Round "13"]
[White "Schmidt, Wlodzimierz"]
[Black "Krzesaj, Robert"]
[Result "0-1"]
[WhiteElo "2435"]
[BlackElo "2334"]
[PlyCount "68"]
[EventDate "2005.12.17"]
[EventType "swiss (rapid)"]
[EventRounds "13"]
[EventCountry "POL"]
[Source "ChessBase"]
[SourceDate "2006.03.10"]

1. d4 d5 2. c4 e6 3. Nc3 c5 4. cxd5 cxd4 5. Qa4+ Bd7 6. Qxd4 exd5 7. Nf3 Nc6 8.
Qxd5 Nf6 9. Qd1 Bc5 10. e3 Qe7 11. Be2 O-O-O 12. O-O g5 13. Nd4 Kb8 14. a3 Qe5
15. Nf3 Qe7 16. b4 Bb6 17. Bb2 Rhg8 18. Re1 h5 19. Na4 g4 20. Nd4 Nxd4 21. exd4
Bc7 22. Nc5 Qd6 23. g3 Bc6 24. Bc4 Bd5 25. Qb3 h4 26. Rad1 hxg3 27. fxg3 Rh8
28. Nd3 Rxh2 29. Ne5 Bxc4 30. Nxc4 Qd5 31. Kxh2 Rh8+ 32. Kg1 Rh1+ 33. Kf2 Rh2+
34. Ke3 Qf3# 0-1

[Event "Cannes op"]
[Site "Cannes"]
[Date "2006.02.15"]
[Round "5"]
[White "Ivanisevic, Ivan"]
[Black "Ivanov, Mikhail M"]
[Result "1-0"]
[WhiteElo "2588"]
[BlackElo "2447"]
[PlyCount "83"]
[EventDate "2006.02.12"]
[EventType "swiss"]
[EventRounds "7"]
[EventCountry "FRA"]
[Source "ChessBase"]
[SourceDate "2006.03.10"]

1. d4 d5 2. c4 e6 3. Nc3 c5 4. cxd5 cxd4 5. Qxd4 Nc6 6. Qd1 exd5 7. Qxd5 Bd7 8.
Bg5 Nf6 9. Qd2 h6 10. Bh4 g5 11. Bg3 Qa5 12. e3 O-O-O 13. Nge2 Bf5 14. Nd4 Nxd4
15. exd4 Bc5 16. Bd3 Bxd3 17. Qxd3 Bxd4 18. O-O-O Qc5 19. Qb5 Nh5 20. Rxd4 Qxd4
21. Rd1 Qb6 22. Qc4+ Qc6 23. Qg4+ Qe6 24. Qxh5 f5 25. f4 Qe3+ 26. Kc2 Rxd1 27.
Qxd1 gxf4 28. Be1 Rd8 29. Bd2 Qf2 30. Qe2 Qxe2 31. Nxe2 f3 32. gxf3 Rg8 33. Ng3
h5 34. Nxf5 Rg2 35. h4 Rf2 36. f4 Kd7 37. Kd3 Ke6 38. Nd4+ Kf7 39. Ke3 Rg2 40.
Bc3 Rh2 41. Nf3 Rh1 42. f5 1-0

[Event "IND-ch 43rd"]
[Site "Visakhapatnam"]
[Date "2006.04.10"]
[Round "12"]
[White "Sundararajan, Kidambi"]
[Black "Thejkumar, MS."]
[Result "1/2-1/2"]
[WhiteElo "2495"]
[BlackElo "2384"]
[PlyCount "91"]
[EventDate "2006.04.03"]
[EventType "tourn"]
[EventRounds "21"]
[EventCountry "IND"]
[EventCategory "8"]
[Source "ChessBase"]
[SourceDate "2006.05.09"]

1. d4 d5 2. c4 e6 3. Nc3 c5 4. cxd5 cxd4 5. Qxd4 Nc6 6. Qd1 exd5 7. Qxd5 Bd7 8.
Nf3 Nf6 9. Qd1 Bc5 10. e3 Qe7 11. Be2 O-O 12. O-O Rfd8 13. a3 Ne5 14. Nd4 Rac8
15. Bd2 Nc6 16. Nb3 Bb6 17. Qc2 Qe5 18. Rad1 Bf5 19. Qc1 Be6 20. Qc2 Ng4 21.
Bxg4 Bxg4 22. Rde1 Be6 23. f4 Qf6 24. Nd4 Rxd4 25. exd4 Nxd4 26. Qd3 Bc4 27.
Qh3 Be6 28. Rxe6 Qxe6 29. Qxe6 Nxe6+ 30. Kh1 Rd8 31. Bc1 f5 32. Rd1 Bd4 33. Ne2
Kf7 34. g3 Rc8 35. Nxd4 Nxd4 36. Be3 Nc6 37. Rd7+ Kg6 38. Kg2 b6 39. Kf3 Rd8
40. Rc7 Rd6 41. b4 h6 42. b5 Na5 43. Rxa7 Nc4 44. Rc7 Nxa3 45. Rc6 Nxb5 46.
Rxd6+ 1/2-1/2

[Event "Pobeskydy Arcimpex 17th"]
[Site "Frydek Mistek"]
[Date "2006.04.13"]
[Round "1"]
[White "Michenka, Jozef"]
[Black "Pisk, Petr"]
[Result "1/2-1/2"]
[WhiteElo "2385"]
[BlackElo "2357"]
[PlyCount "140"]
[EventDate "2006.04.13"]
[EventType "tourn"]
[EventRounds "9"]
[EventCountry "CZE"]
[EventCategory "3"]
[Source "ChessBase"]
[SourceDate "2006.05.09"]

1. d4 d5 2. c4 e6 3. Nc3 c5 4. cxd5 cxd4 5. Qa4+ Bd7 6. Qxd4 exd5 7. Qxd5 Nc6
8. Bg5 Qb6 9. Qd2 Be6 10. Nf3 h6 11. Be3 Qa5 12. Nd4 Rd8 13. Nxc6 bxc6 14. Qc1
Nf6 15. g3 Bd5 16. f3 Ng4 17. Bh3 Nxe3 18. Qxe3+ Be7 19. O-O h5 20. Kg2 Kf8 21.
Rfd1 Bf6 22. Qf4 Bg5 23. Qa4 Qb6 24. Qc2 Be3 25. Rd3 Re8 26. Bd7 Rd8 27. Na4
Qc7 28. Rxd5 Rxd7 29. Rxd7 Qxd7 30. Rd1 Qe8 31. Rd6 Rh6 32. Rxh6 Bxh6 33. Qc5+
Kg8 34. e4 Qd7 35. Qc2 Be3 36. Nc3 Bb6 37. Ne2 g6 38. h4 Qe6 39. b3 Qd6 40. a4
Qb4 41. Qd1 Qc5 42. Nf4 Qf2+ 43. Kh3 Bc7 44. Qe2 Qg1 45. Qg2 Qd1 46. b4 Qxa4
47. Qd2 Qa1 48. Kg2 Bb6 49. Ne2 Qe5 50. Qa2 Qd6 51. Qc4 Qd1 52. e5 Qe1 53. f4
Qf2+ 54. Kh3 Qf1+ 55. Kh2 Bg1+ 56. Kh1 Bc5+ 57. Kh2 Bg1+ 58. Kh1 Bc5+ 59. Kh2
Bxb4 60. e6 Qf2+ 61. Kh3 Qf1+ 62. Kh2 Qf2+ 63. Kh3 fxe6 64. Qxe6+ Kh7 65. Qd7+
Kh6 66. Qe8 Qf1+ 67. Kh2 Qf2+ 68. Kh3 Qf1+ 69. Kh2 Qf2+ 70. Kh3 Qf1+ 1/2-1/2

[Event "Pobeskydy Arcimpex 17th"]
[Site "Frydek Mistek"]
[Date "2006.04.13"]
[Round "1"]
[White "Plischki, Sebastian"]
[Black "Rohacek, Miroslav"]
[Result "1-0"]
[WhiteElo "2376"]
[BlackElo "2247"]
[PlyCount "109"]
[EventDate "2006.04.13"]
[EventType "tourn"]
[EventRounds "9"]
[EventCountry "CZE"]
[EventCategory "3"]
[Source "ChessBase"]
[SourceDate "2006.05.09"]

1. d4 d5 2. c4 e6 3. Nc3 c5 4. cxd5 cxd4 5. Qa4+ Bd7 6. Qxd4 exd5 7. Qxd5 Nc6
8. Nf3 Nf6 9. Qd1 Bc5 10. e3 Qc7 11. a3 O-O-O 12. Qc2 Kb8 13. Be2 g5 14. b4 Bb6
15. Bb2 g4 16. Nd2 Rhe8 17. Nc4 Ne5 18. Nxe5 Qxe5 19. Na4 Qg5 20. Nxb6 axb6 21.
Bd4 Bf5 22. Qb2 Nd5 23. O-O Re6 24. a4 Be4 25. a5 b5 26. Bxb5 Qh5 27. a6 b6 28.
Rfc1 Ka7 29. Rc6 Rxc6 30. Bxc6 Rd6 31. b5 Qf5 32. Be5 Rd8 33. Bg3 h5 34. Qe5
Qxe5 35. Bxe5 f6 36. Bd4 f5 37. Kf1 f4 38. Bxb6+ Kxb6 39. a7 Bd3+ 40. Ke1 Nc7
41. a8=Q Nxa8 42. Rxa8 Rxa8 43. Bxa8 fxe3 44. fxe3 Kxb5 45. Kf2 h4 46. e4 Kc5
47. Ke3 Bc2 48. Kf4 Bd1 49. e5 Kd4 50. e6 h3 51. g3 Kc5 52. e7 Ba4 53. Ke5 Bd7
54. Bd5 Be8 55. Be6 1-0

[Event "Nezhmetdinov mem 28th"]
[Site "Kazan"]
[Date "2006.06.01"]
[Round "1"]
[White "Bocharov, Dmitry"]
[Black "Fedoseev, Vladimir"]
[Result "1-0"]
[WhiteElo "2559"]
[BlackElo "2300"]
[PlyCount "91"]
[EventDate "2006.06.01"]
[EventType "swiss"]
[EventRounds "9"]
[EventCountry "RUS"]
[Source "ChessBase"]
[SourceDate "2006.07.14"]

1. d4 d5 2. c4 e6 3. Nc3 c5 4. cxd5 cxd4 5. Qa4+ Bd7 6. Qxd4 exd5 7. Qxd5 Nc6
8. Nf3 Nf6 9. Qd1 Bc5 10. e3 Qe7 11. Be2 O-O 12. O-O Rad8 13. a3 a6 14. Qc2 Bd6
15. Bd2 Rfe8 16. Rad1 Bg4 17. Rfe1 Bxf3 18. Bxf3 Ne5 19. Be2 Neg4 20. h3 Nxf2
21. Kxf2 Qe5 22. Bf3 Qg3+ 23. Kf1 Qh2 24. Ne2 h5 25. Bc3 Rxe3 26. Qf5 Rde8 27.
Bd4 R3e6 28. Bg1 Qh1 29. g3 g6 30. Bxh1 gxf5 31. Bf2 Ne4 32. Bxe4 fxe4 33. Be3
h4 34. Bf4 Bc5 35. b4 Bb6 36. g4 Rf6 37. Kg2 e3 38. Kf3 Bc7 39. Rd3 Bxf4 40.
Nxf4 e2 41. Re3 Rc8 42. R1xe2 Rc4 43. Re4 Rc3+ 44. R2e3 Rc1 45. g5 Rf5 46. Kg4
1-0

[Event "Sants op 8th"]
[Site "Sants"]
[Date "2006.09.02"]
[Round "9"]
[White "Panelo Munoz, Marcelo"]
[Black "Oms Fuentes, Lluis"]
[Result "1-0"]
[WhiteElo "2418"]
[BlackElo "2310"]
[PlyCount "93"]
[EventDate "2006.08.25"]
[EventType "swiss"]
[EventRounds "10"]
[EventCountry "ESP"]
[Source "ChessBase"]
[SourceDate "2006.09.14"]

1. d4 d5 2. c4 e6 3. Nc3 c5 4. cxd5 cxd4 5. Qa4+ Bd7 6. Qxd4 exd5 7. Qxd5 Nc6
8. Nf3 Nf6 9. Qd1 Bc5 10. e3 Qe7 11. Be2 O-O-O 12. O-O g5 13. b4 Bxb4 14. Bb2
g4 15. Nd4 Nxd4 16. Qxd4 Bc5 17. Nd5 Nxd5 18. Rfc1 Bc6 19. Rxc5 Rhg8 20. Bxg4+
Kb8 21. Qe5+ Qxe5 22. Bxe5+ Ka8 23. Bf3 Nb4 24. Bxc6 Nxc6 25. Bc3 Rd3 26. Kf1
Rd6 27. Rh5 h6 28. Rf5 Rd7 29. g3 a6 30. Ke2 Rg6 31. Rd1 Rc7 32. h4 b5 33. h5
Re6 34. Rc5 Kb7 35. Rc1 Rd7 36. g4 Kb6 37. Bg7 Nb4 38. g5 Nd3 39. gxh6 Nxc5 40.
h7 Re8 41. h8=Q Rxh8 42. Bxh8 Ne6 43. h6 f5 44. Rg1 Rh7 45. Rg6 Rxh8 46. Rxe6+
Ka5 47. a3 1-0

[Event "Pardubice op-A"]
[Site "Pardubice"]
[Date "2006.07.24"]
[Round "4"]
[White "Krumpacnik, Domen"]
[Black "Musakaev, Emil"]
[Result "1-0"]
[WhiteElo "2385"]
[BlackElo "2248"]
[PlyCount "101"]
[EventDate "2006.07.21"]
[EventType "swiss"]
[EventRounds "9"]
[EventCountry "CZE"]
[Source "ChessBase"]
[SourceDate "2006.09.14"]

1. d4 d5 2. c4 e6 3. Nc3 c5 4. cxd5 cxd4 5. Qa4+ Bd7 6. Qxd4 exd5 7. Qxd5 Nc6
8. Nf3 Nf6 9. Qd1 Bc5 10. e3 Qe7 11. Be2 O-O-O 12. Bd2 g5 13. Rc1 g4 14. Nd4
Kb8 15. Nb3 Bd6 16. Nb5 Be5 17. Bc3 Bf5 18. Bxe5+ Qxe5 19. N3d4 Be4 20. O-O
Nxd4 21. exd4 Qf4 22. Qb3 Bd5 23. Qe3 Nh5 24. Nc3 Bc6 25. Rfd1 Rhe8 26. Qxf4+
Nxf4 27. Bf1 h5 28. Rd2 Nd5 29. Bc4 Re7 30. Kf1 f5 31. Bxd5 Bxd5 32. Nxd5 Rxd5
33. Rc5 Red7 34. Rxd5 Rxd5 35. Ke2 Kc7 36. Ke3 Kd6 37. Kf4 Ke6 38. Kg5 Rd8 39.
d5+ Ke5 40. d6 Rg8+ 41. Kh4 Rd8 42. d7 Kf6 43. Rd3 Kf7 44. Kxh5 Kf6 45. Kh4 Ke5
46. Kg5 Ke6 47. Kf4 Kf6 48. Rd6+ Ke7 49. Ke5 f4 50. Re6+ Kf7 51. Kd6 1-0